000 01307nam a2200217Ia 4500
003 Ost
005 20260416102400.0
008 260416s9999||||xx |||||||||||||| ||und||
040 _cfsecg
041 _aara
082 _a330
100 _aبوقليع، محمد
_eمؤلف
245 0 _aمحاضرات في مقياس مدخل الإقتصاد :
_bمطبوعة مقدمة لطلبة الليسانس السنة الأولى ل م د /
_c محمد بوقليع
260 _aالجزائر
_bجامعة الجزائر3: كلية العلوم الإقتصادية، العلوم التجارية وعلوم التسيير
_c2023
300 _a112 ورقة
_bايضاحات
_c12 سم
504 _aالمراجع ص.111
520 _aأساسيات تمهيدية لعلم الاقتصاد،المشكلة الاقتصادية،النظام الاقتصادي،نظرية الطلب،نظرية العرض،السوق، الاستهلاك،الانتاج ، الاستثمار ، الادخار ،الدخل القومي ، النقود و البنوك ، التضخم ،البطالة .
653 _aالاقتصاد
710 _aجامعة الجزائر3: كلية العلوم الإقتصادية، العلوم التجارية وعلوم التسيير
_eناشر علمي
942 _cHANDOUT
999 _c41397
_d41397